000 00545nmm a2200193Ia 4500
008 251105s9999||||xx |||||||||||||||||und||
020 _a9788478446698
041 _aspa
100 _aGur, Batya
245 0 _aEl asesinato del sábado por la mañana
264 _a[Madrid, España] :
_bSiruela,
_c2014
300 _a368 páginas
490 _aNuevos Tiempos / Policiaca
650 _aThriller & Suspense
700 _aGur, Batya
700 1 _a Corniero, María
856 _uhttps://public.digitaliapublishing.com/a/32031
942 _cCF
999 _c66601
_d66601